[Event "HUN-chT2 0102"]
[Site "Hungary"]
[Date "2001.12.02"]
[Round "4"]
[White "Tenyi, Jozsef"]
[Black "Biro, Peter"]
[Result "0-1"]
[WhiteElo "2211"]
[BlackElo "2167"]
[PlyCount "72"]
[EventDate "2001.??.??"]
[EventType "team"]
[EventRounds "11"]
[EventCountry "HUN"]
[SourceTitle "EXT 2004"]
[Source "ChessBase"]
[SourceDate "2003.11.25"]
[SourceVersion "1"]
[SourceVersionDate "2003.11.25"]
[SourceQuality "1"]

1. e4 e5 2. Nf3 d6 3. d4 exd4 4. Nxd4 g6 5. Nc3 Bg7 6. Bc4 Nf6 7. Bg5 h6 8. Bh4 0-0 9. 0-0 Re8 10. Qd3 g5 11. Bg3 Nbd7 12. Nb3 Ne5 13. Bxe5 Rxe5 14. f4 gxf4 15. Rxf4 Be6 16. Raf1 Qe7 17. Nd4 d5 18. exd5 Nxd5 19. Bxd5 Bxd5 20. Nf5 Qc5+ 21. Kh1 Be6 22. Nxg7 Kxg7 23. Ne4 Qb5 24. Qg3+ Kh8 25. Nf6 Rg5 26. Qc3 Qe5 27. Qd3 Rg6 28. g3 Bh3 29. Rf5 Bxf5 30. Rxf5 Qxb2 31. Nd7 Rd6 32. Rd5 Re8 33. Kg2 Rxd5 34. Qxd5 Qxc2+ 35. Kh3 Qe4 36. Qxf7 Qe6+ 0-1

[Event "HUN-chT2 Maroczy 0001"]
[Site "Hungary"]
[Date "2001.04.22"]
[Round "11"]
[White "Tenyi, Jozsef"]
[Black "Kalo, Istvan"]
[Result "1-0"]
[WhiteElo "2204"]
[BlackElo "1975"]
[PlyCount "43"]
[EventDate "2000.11.26"]
[EventType "team"]
[EventRounds "11"]
[EventCountry "HUN"]
[SourceTitle "EXT 2007"]
[Source "ChessBase"]
[SourceDate "2006.11.23"]
[SourceVersion "1"]
[SourceVersionDate "2006.11.23"]
[SourceQuality "1"]
[WhiteTeam "Budapest Matador"]
[BlackTeam "Ujszasz"]
[WhiteTeamCountry "HUN"]
[BlackTeamCountry "HUN"]

1. e4 e6 2. d4 b6 3. Bd3 Bb7 4. Nf3 c5 5. Qe2 Nf6 6. Nc3 Be7 7. e5 Nd5 8. Nxd5 Bxd5 9. c4 Bc6 10. 0-0 h6 11. b3 0-0 12. Bc2 f5 13. exf6 Bxf6 14. Ne5 cxd4 15. f4 Qe7 16. Qd3 Bxe5 17. Qh7+ Kf7 18. Bg6+ Kf6 19. Bh5 Qc5 20. fxe5+ Kxe5 21. Qxg7+ Ke4 22. Qg4+ 1-0

[Event "HUN-chT2 Maroczy 0001"]
[Site "Hungary"]
[Date "2001.03.25"]
[Round "9"]
[White "Biro, Gyula"]
[Black "Tenyi, Jozsef"]
[Result "0-1"]
[WhiteElo "2153"]
[BlackElo "2204"]
[PlyCount "92"]
[EventDate "2000.11.26"]
[EventType "team"]
[EventRounds "11"]
[EventCountry "HUN"]
[SourceTitle "EXT 2007"]
[Source "ChessBase"]
[SourceDate "2006.11.23"]
[SourceVersion "1"]
[SourceVersionDate "2006.11.23"]
[SourceQuality "1"]
[WhiteTeam "Debrecen Nyomdasz"]
[BlackTeam "Budapest Matador"]
[WhiteTeamCountry "HUN"]
[BlackTeamCountry "HUN"]

1. e4 c5 2. Nf3 e6 3. d4 cxd4 4. Nxd4 Nc6 5. Nc3 Qc7 6. Be2 a6 7. 0-0 Nf6 8. Nxc6 bxc6 9. Be3 d5 10. exd5 cxd5 11. Na4 Rb8 12. f4 Bd7 13. b3 Bb5 14. Bxb5+ axb5 15. Nb2 Bc5 16. Bxc5 Qxc5+ 17. Kh1 0-0 18. Nd3 Qc3 19. Rf2 Ne4 20. Re2 Ra8 21. a3 Rfc8 22. Ne5 Qc5 23. Nd3 Qc3 24. Qe1 Ra7 25. Qxc3 Nxc3 26. Re3 d4 27. Re5 Nd5 28. Ne1 Re7 29. Re4 d3 30. cxd3 f5 31. Rd4 Rc3 32. Rb1 Rec7 33. Kg1 Rc1 34. Rxc1 Rxc1 35. Kf2 Rb1 36. b4 Ra1 37. Nf3 Ra2+ 38. Kg3 Kf7 39. Ng5+ Ke7 40. Nxh7 Ne3 41. Ng5 Nc2 42. Nxe6 Kxe6 43. Rd8 Rxa3 44. Kh4 Nxb4 45. d4 Nd5 46. Kg5 Ra2 0-1

[Event "HUN-chT2 Maroczy 0001"]
[Site "Hungary"]
[Date "2000.12.17"]
[Round "3"]
[White "Frank, Jozsef"]
[Black "Tenyi, Jozsef"]
[Result "0-1"]
[WhiteElo "2081"]
[BlackElo "2204"]
[PlyCount "88"]
[EventDate "2000.11.26"]
[EventType "team"]
[EventRounds "11"]
[EventCountry "HUN"]
[SourceTitle "EXT 2007"]
[Source "ChessBase"]
[SourceDate "2006.11.23"]
[SourceVersion "1"]
[SourceVersionDate "2006.11.23"]
[SourceQuality "1"]
[WhiteTeam "Dunaharaszti"]
[BlackTeam "Budapest Matador"]
[WhiteTeamCountry "HUN"]
[BlackTeamCountry "HUN"]

1. d4 Nf6 2. Nf3 g6 3. g3 Bg7 4. Bg2 0-0 5. 0-0 d6 6. Bg5 Ne4 7. c3 Nxg5 8. Nxg5 e5 9. Nf3 Qe7 10. dxe5 dxe5 11. e4 b6 12. Qc2 Nd7 13. Nbd2 Ba6 14. Rfe1 Nc5 15. Bf1 Bb7 16. Nb3 Rad8 17. Nxc5 Qxc5 18. Bg2 Rd6 19. Nd2 Rfd8 20. Rad1 a5 21. Nb3 Qc4 22. Rxd6 Rxd6 23. f3 a4 24. Nc1 Bh6 25. Rd1 Be3+ 26. Kh1 Rxd1+ 27. Qxd1 Bxc1 28. Qxc1 Qxa2 29. Bf1 Qe6 30. Qd1 Qe8 31. Qd3 Bc6 32. Kg2 Qd7 33. Qe2 Qd6 34. Qc2 Kf8 35. Bd3 Ke7 36. Qe2 Qc5 37. Kf1 a3 38. bxa3 Qxc3 39. Qc2 Qxa3 40. Kg2 Qd6 41. Bc4 b5 42. Ba2 Bd7 43. Bd5 c6 44. Ba2 Be6 0-1

[Event "HUN-chT 9900"]
[Site "Hungary"]
[Date "2000.03.26"]
[Round "10"]
[White "Antal, Gergely"]
[Black "Tenyi, Jozsef"]
[Result "1-0"]
[WhiteElo "2308"]
[BlackElo "2205"]
[PlyCount "59"]
[EventDate "1999.09.26"]
[EventType "team"]
[EventRounds "11"]
[EventCountry "HUN"]
[SourceTitle "EXT 2009"]
[Source "ChessBase"]
[SourceDate "2008.11.26"]
[SourceVersion "1"]
[SourceVersionDate "2008.11.26"]
[SourceQuality "1"]
[WhiteTeam "Miskolc"]
[BlackTeam "Matador"]
[WhiteTeamCountry "HUN"]
[BlackTeamCountry "HUN"]

1. e4 c5 2. Nf3 Nc6 3. d4 cxd4 4. Nxd4 e6 5. Nc3 Qc7 6. Be3 a6 7. Bd3 Nf6 8. 0-0 Be7 9. Kh1 0-0 10. f4 d6 11. Qf3 Bd7 12. a4 Rfe8 13. Qg3 Bf8 14. a5 Nxa5 15. e5 Nd5 16. exd6 Bxd6 17. Nf5 Bf8 18. Nh6+ Kh8 19. Nxf7+ Kg8 20. Nh6+ Kh8 21. Bd4 Nc6 22. Nf7+ Kg8 23. Be5 Qb6 24. Bxh7+ Kxf7 25. Qg6+ Ke7 26. Nxd5+ exd5 27. Qg5+ Kf7 28. Bg6+ Ke6 29. Rae1 Bc5 30. f5# 1-0

[Event "HUN-chT 9900"]
[Site "Hungary"]
[Date "1999.10.03"]
[Round "2"]
[White "Tenyi, Jozsef"]
[Black "Flumbort, Andras"]
[Result "1-0"]
[WhiteElo "2205"]
[BlackElo "2281"]
[PlyCount "63"]
[EventDate "1999.09.26"]
[EventType "team"]
[EventRounds "11"]
[EventCountry "HUN"]
[SourceTitle "EXT 2009"]
[Source "ChessBase"]
[SourceDate "2008.11.26"]
[SourceVersion "1"]
[SourceVersionDate "2008.11.26"]
[SourceQuality "1"]
[WhiteTeam "Matador"]
[BlackTeam "Nagykanizsa"]
[WhiteTeamCountry "HUN"]
[BlackTeamCountry "HUN"]

1. e4 c5 2. Nf3 e6 3. d4 cxd4 4. Nxd4 Nf6 5. Nc3 d6 6. Bc4 a6 7. Bb3 Nbd7 8. 0-0 Nc5 9. f4 Be7 10. Qf3 0-0 11. f5 e5 12. Nde2 b5 13. Bg5 Nxb3 14. axb3 Bb7 15. Rad1 Rc8 16. Qd3 b4 17. Bxf6 Bxf6 18. Na4 Bc6 19. c4 Qc7 20. Ra1 Qb7 21. Ng3 Rcd8 22. Qf3 g6 23. Qe3 Kg7 24. Nb6 Qa7 25. Rf3 h6 26. Nd5 Qxe3+ 27. Rxe3 Bxd5 28. exd5 Ra8 29. fxg6 fxg6 30. Ne4 Bd8 31. Rf3 Rxf3 32. gxf3 1-0

[Event "HUN-chT 9899"]
[Site "Hungary"]
[Date "1999.??.??"]
[Round "?"]
[White "Flumbort, Andras"]
[Black "Tenyi, Jozsef"]
[Result "0-1"]
[WhiteElo "2245"]
[BlackElo "2205"]
[PlyCount "80"]
[EventDate "1998.??.??"]
[EventType "team"]
[EventRounds "12"]
[EventCountry "HUN"]
[SourceTitle "EXT 2000"]
[Source "ChessBase"]
[SourceDate "1999.11.16"]
[SourceVersion "1"]
[SourceVersionDate "1999.11.16"]
[SourceQuality "1"]

1. d4 Nf6 2. c4 g6 3. Nc3 Bg7 4. e4 d6 5. Be2 0-0 6. Bg5 h6 7. Be3 Nc6 8. Qd2 Kh7 9. d5 Ne5 10. f3 c5 11. g4 a6 12. a4 Qa5 13. Ra3 Qb4 14. a5 Nxc4 15. Bxc4 Qxc4 16. Ra4 Qb3 17. Nge2 b5 18. Nc1 Qxc3 19. Qxc3 bxa4 20. Qd2 Rb8 21. 0-0 Nd7 22. Nd3 Rb3 23. Qc2 Ne5 24. Nxe5 Bxe5 25. Bc1 Bd7 26. Qg2 Kg7 27. f4 Bd4+ 28. Kh1 Rfb8 29. f5 g5 30. h4 Be5 31. Rf3 Rxf3 32. Qxf3 Rb3 33. Qd1 f6 34. hxg5 hxg5 35. Kg2 Bb5 36. Qh1 Rg3+ 37. Kf2 Rxg4 38. Qh5 Rh4 39. Qg6+ Kf8 40. Kg1 Be8 0-1

[Event "HUN-chT 9798"]
[Site "Hungary"]
[Date "1998.??.??"]
[Round "?"]
[White "Prokopisin, Vasily"]
[Black "Tenyi, Jozsef"]
[Result "1-0"]
[WhiteElo "2330"]
[BlackElo "2185"]
[PlyCount "75"]
[EventDate "1997.??.??"]
[EventType "team"]
[EventRounds "12"]
[EventCountry "HUN"]
[SourceTitle "EXT 2000"]
[Source "ChessBase"]
[SourceDate "1999.11.16"]
[SourceVersion "1"]
[SourceVersionDate "1999.11.16"]
[SourceQuality "1"]

1. d4 Nf6 2. Nf3 g6 3. c4 Bg7 4. g3 d6 5. Bg2 0-0 6. 0-0 Nc6 7. Nc3 a6 8. h3 Rb8 9. e4 b5 10. cxb5 axb5 11. d5 Na5 12. Nd4 Bd7 13. Kh2 b4 14. Nce2 c5 15. dxc6 Nxc6 16. Nxc6 Bxc6 17. e5 Bxg2 18. exf6 Bxf1 19. fxg7 Kxg7 20. Qxf1 Qc7 21. Qe1 e5 22. h4 f5 23. Bd2 Qb7 24. Rc1 Qe4 25. Rc7+ Rf7 26. Bh6+ Kf6 27. Qd2 Rb6 28. Rc8 Ke6 29. Ng1 Kd7 30. Rc1 Rc6 31. Rd1 Ke6 32. Nh3 Ke7 33. Ng5 Qc4 34. Nxf7 Kxf7 35. Rc1 Qxc1 36. Qxc1 Rxc1 37. Bxc1 Ke6 38. Bd2 1-0

[Event "Budapest vadnyit op"]
[Site "Budapest"]
[Date "1998.??.??"]
[Round "?"]
[White "Tenyi, Jozsef"]
[Black "De Santis, Alessio"]
[Result "1/2-1/2"]
[WhiteElo "2210"]
[BlackElo "2310"]
[PlyCount "49"]
[EventDate "1998.??.??"]
[EventType "swiss"]
[EventRounds "9"]
[EventCountry "HUN"]
[SourceTitle "EXT 2002"]
[Source "ChessBase"]
[SourceDate "2001.11.25"]
[SourceVersion "1"]
[SourceVersionDate "2001.11.25"]
[SourceQuality "1"]

1. e4 d6 2. d4 Nf6 3. Nc3 c6 4. Nf3 Bg4 5. Bf4 e6 6. Be2 Be7 7. 0-0 0-0 8. h3 Bh5 9. Re1 d5 10. Ne5 Bxe2 11. Rxe2 Nbd7 12. Qd3 Nxe5 13. Bxe5 Nd7 14. Rd1 Nxe5 15. dxe5 Qa5 16. exd5 cxd5 17. Qb5 Qxb5 18. Nxb5 a6 19. Nd4 Rfc8 20. f4 Rc4 21. Kf2 Bc5 22. Ke3 Rc8 23. c3 b5 24. Rd3 Kf8 25. b3 1/2-1/2

[Event "HUN-chT 9899"]
[Site "Hungary"]
[Date "1998.??.??"]
[Round "?"]
[White "Tenyi, Jozsef"]
[Black "Meszaros, Andras"]
[Result "1/2-1/2"]
[WhiteElo "2205"]
[BlackElo "2350"]
[PlyCount "160"]
[EventDate "1998.??.??"]
[EventType "team"]
[EventRounds "12"]
[EventCountry "HUN"]
[SourceTitle "EXT 2000"]
[Source "ChessBase"]
[SourceDate "1999.11.16"]
[SourceVersion "1"]
[SourceVersionDate "1999.11.16"]
[SourceQuality "1"]

1. e4 c5 2. Nf3 e6 3. d4 cxd4 4. Nxd4 Nf6 5. Nc3 d6 6. Bc4 Be7 7. Be3 0-0 8. Bb3 Na6 9. 0-0 Nc5 10. f4 Nfxe4 11. Nxe4 Nxe4 12. f5 d5 13. fxe6 fxe6 14. Rxf8+ Bxf8 15. Qf3 Qf6 16. Qg4 Qg6 17. Qxg6 hxg6 18. c4 e5 19. Nf3 d4 20. Bf2 Bc5 21. Nxe5 Nxf2 22. Kxf2 Bf5 23. g4 Be6 24. Nd3 Rf8+ 25. Kg2 b6 26. h3 Bc8 27. Rf1 Bb7+ 28. Kg1 Re8 29. Bc2 Bd6 30. Re1 Rxe1+ 31. Nxe1 g5 32. Kf2 Kf7 33. Nf3 Kf6 34. Ke2 Bc5 35. Bf5 Bc6 36. Bd3 a5 37. b3 a4 38. bxa4 Bxa4 39. Be4 Be8 40. Kd3 Ba4 41. Nxd4 Ke5 42. Nf5 g6 43. Ne3 Kf4 44. Nd5+ Kg3 45. Bxg6 Kxh3 46. Bf5 Bd1 47. Nf6 Bf3 48. a4 Bg1 49. Kc3 Kg3 50. Kb4 Bc6 51. Nd7 Bf2 52. Ne5 Bc5+ 53. Kb3 Bg2 54. Nd7 Be3 55. Kb4 Bc6 56. Ne5 Bc5+ 57. Kb3 Bg2 58. Nd3 Be3 59. a5 bxa5 60. Ka4 Bd2 61. Kb5 Bf1 62. Nc5 Kf4 63. Nb3 Bc3 64. Nc5 Bd2 65. Nb3 Be1 66. Nc5 Bd2 67. Nb3 Bb4 68. Nd4 Bd2 69. Nb3 Bc3 70. Nc5 Ke5 71. Ne4 Kd4 72. Nxc3 Bxc4+ 73. Kxa5 Kxc3 74. Kb6 Kd4 75. Kc6 Ke5 76. Kc5 Be2 77. Bc8 Kf4 78. Kd4 Bxg4 79. Bb7 Be2 80. Bc8 Bb5 1/2-1/2

[Event "Budapest vadnyit op"]
[Site "Budapest"]
[Date "1998.??.??"]
[Round "?"]
[White "Tenyi, Jozsef"]
[Black "Smaraglay, Botond"]
[Result "1-0"]
[WhiteElo "2210"]
[BlackElo "2060"]
[PlyCount "83"]
[EventDate "1998.??.??"]
[EventType "swiss"]
[EventRounds "9"]
[EventCountry "HUN"]
[SourceTitle "EXT 2002"]
[Source "ChessBase"]
[SourceDate "2001.11.25"]
[SourceVersion "1"]
[SourceVersionDate "2001.11.25"]
[SourceQuality "1"]

1. e4 c5 2. Nf3 Nc6 3. d4 cxd4 4. Nxd4 g6 5. c4 Bg7 6. Be3 d6 7. Nc3 Nf6 8. Be2 Bd7 9. 0-0 0-0 10. Rc1 Rc8 11. h3 Nxd4 12. Bxd4 Bc6 13. Qd3 b6 14. f4 Nd7 15. Bg4 Rc7 16. Bxg7 Kxg7 17. Nd5 Rb7 18. Rfd1 b5 19. Nb4 Qb6+ 20. c5 Nxc5 21. Qd4+ Kg8 22. Nxc6 Qxc6 23. b4 Qxe4 24. bxc5 Qxd4+ 25. Rxd4 Rc7 26. c6 Rd8 27. Bd7 Rb8 28. Rb1 Kf8 29. a4 a6 30. axb5 axb5 31. Rdb4 e6 32. Rxb5 Rxb5 33. Rxb5 Ke7 34. Rb7 Kd8 35. Rb8+ Ke7 36. Re8+ Kf6 37. Rb8 Ke7 38. Rb7 Kd8 39. Kf2 e5 40. Ke3 f5 41. Rb8+ Ke7 42. Re8+ 1-0

[Event "HUN-chT3"]
[Site "Hungary"]
[Date "1997.??.??"]
[Round "?"]
[White "Harmatosi, Jozsef"]
[Black "Tenyi, Jozsef"]
[Result "1-0"]
[WhiteElo "2180"]
[BlackElo "2210"]
[PlyCount "69"]
[EventDate "1997.??.??"]
[EventType "team"]
[EventRounds "13"]
[EventCountry "HUN"]
[SourceTitle "EXT 2001"]
[Source "ChessBase"]
[SourceDate "2000.11.22"]
[SourceVersion "1"]
[SourceVersionDate "2000.11.22"]
[SourceQuality "1"]

1. d4 Nf6 2. Nf3 g6 3. Bg5 Bg7 4. Nbd2 d6 5. e3 0-0 6. c3 c6 7. Bd3 Nbd7 8. 0-0 e5 9. Qc2 Re8 10. b4 Qe7 11. dxe5 dxe5 12. e4 Nf8 13. Nc4 Bg4 14. Ncxe5 Bxf3 15. Nxf3 h6 16. Bxf6 Qxf6 17. e5 Qf4 18. Rfe1 Rad8 19. Re4 Qf5 20. Rd4 Qc8 21. Re1 Ne6 22. Rxd8 Rxd8 23. Bc4 c5 24. b5 Re8 25. Qe4 Qc7 26. h4 h5 27. Bd5 b6 28. Bxe6 Rxe6 29. Qa8+ Bf8 30. Rd1 c4 31. Rd8 Qc5 32. Kh2 f6 33. Rc8 Qe7 34. Qd5 Kg7 35. Rd8 1-0

[Event "HUN-chT 9697"]
[Site "Hungary"]
[Date "1997.??.??"]
[Round "12"]
[White "Havasi, Janos"]
[Black "Tenyi, Jozsef"]
[Result "0-1"]
[WhiteElo "2250"]
[BlackElo "2190"]
[PlyCount "95"]
[EventDate "1996.??.??"]
[EventType "team"]
[EventRounds "12"]
[EventCountry "HUN"]
[SourceTitle "EXT 2006"]
[Source "ChessBase"]
[SourceDate "2005.11.24"]
[SourceVersion "1"]
[SourceVersionDate "2005.11.24"]
[SourceQuality "1"]
[WhiteTeam "Vasas"]
[BlackTeam "Matador"]
[WhiteTeamCountry "HUN"]
[BlackTeamCountry "HUN"]

1. e4 c5 2. Nc3 Nc6 3. g3 d6 4. Bg2 g6 5. d3 Bg7 6. Be3 e6 7. Qd2 Nd4 8. Nd1 Ne7 9. c3 Ndc6 10. Bh6 0-0 11. h4 f6 12. Bxg7 Kxg7 13. h5 g5 14. h6+ Kh8 15. Ne3 Rb8 16. f4 Rg8 17. fxg5 fxg5 18. 0-0-0 e5 19. Rf1 Be6 20. Nd5 Rg6 21. Rh5 Qg8 22. Nf6 Qd8 23. Rxg5 Bxa2 24. Rxg6 Nxg6 25. b4 Be6 26. Bh3 Bxh3 27. Nxh3 cxb4 28. Ng5 Qf8 29. Ngxh7 bxc3 30. Qxc3 Qxh6+ 31. Kb1 Nf8 32. Qe1 Nxh7 33. Nxh7 Qe6 34. Ng5 Qb3+ 35. Ka1 Nd4 36. Rf2 Qa3+ 37. Kb1 Qxd3+ 38. Ka2 Qb3+ 39. Ka1 Qa3+ 40. Kb1 Qd3+ 41. Ka2 Qb3+ 42. Ka1 Kg7 43. Qc1 Qa4+ 44. Kb2 Qb5+ 45. Ka2 Qa5+ 46. Kb2 Qb6+ 47. Ka2 Rf8 48. Rb2 0-1

[Event "HUN-chT 9798"]
[Site "Hungary"]
[Date "1997.??.??"]
[Round "?"]
[White "Karsa, Laszlo"]
[Black "Tenyi, Jozsef"]
[Result "1/2-1/2"]
[WhiteElo "2395"]
[BlackElo "2185"]
[PlyCount "79"]
[EventDate "1997.??.??"]
[EventType "team"]
[EventRounds "12"]
[EventCountry "HUN"]
[SourceTitle "EXT 2000"]
[Source "ChessBase"]
[SourceDate "1999.11.16"]
[SourceVersion "1"]
[SourceVersionDate "1999.11.16"]
[SourceQuality "1"]

1. d4 Nf6 2. c4 g6 3. Nc3 Bg7 4. e4 d6 5. f3 0-0 6. Bg5 Nc6 7. Nge2 a6 8. Qd2 Rb8 9. Rc1 Bd7 10. d5 Na5 11. b3 c5 12. dxc6 Nxc6 13. Ng3 Qa5 14. Be2 Nd4 15. b4 Qb6 16. Be3 e5 17. a3 Rfe8 18. Bd3 Rbc8 19. 0-0 Bh6 20. Rce1 Nb3 21. Qf2 Bxe3 22. Qxe3 Qxe3+ 23. Rxe3 Nd2 24. Rd1 Nxc4 25. Bxc4 Rxc4 26. Rxd6 Kg7 27. Nge2 Re6 28. Red3 Rxd6 29. Rxd6 Rc6 30. Rd2 Be6 31. Kf2 Kf8 32. Na4 b6 33. Rd8+ Ke7 34. Ra8 Bc4 35. Ke3 Bb5 36. Nac3 Bc4 37. Na4 Rd6 38. Rc8 Rd3+ 39. Kf2 b5 40. Nb2 1/2-1/2

[Event "HUN-chT 9697"]
[Site "Hungary"]
[Date "1997.??.??"]
[Round "11"]
[White "Tenyi, Jozsef"]
[Black "Csaba, Arpad Jr"]
[Result "0-1"]
[WhiteElo "2190"]
[BlackElo "2140"]
[PlyCount "82"]
[EventDate "1996.??.??"]
[EventType "team"]
[EventRounds "12"]
[EventCountry "HUN"]
[SourceTitle "EXT 2006"]
[Source "ChessBase"]
[SourceDate "2005.11.24"]
[SourceVersion "1"]
[SourceVersionDate "2005.11.24"]
[SourceQuality "1"]
[WhiteTeam "Matador"]
[BlackTeam "Ajka Banyasz"]
[WhiteTeamCountry "HUN"]
[BlackTeamCountry "HUN"]

1. e4 c5 2. Nf3 Nc6 3. d4 cxd4 4. Nxd4 Nf6 5. Nc3 d6 6. Bc4 e6 7. Be3 a6 8. Bb3 Qc7 9. Qe2 b5 10. 0-0-0 b4 11. Nd5 exd5 12. Nxc6 Qxc6 13. Bg5 Qb5 14. Rd3 d4 15. Bd5 Ra7 16. Bxf6 gxf6 17. Qf3 Be7 18. Rxd4 Bb7 19. Qg4 h5 20. Qg7 Rf8 21. Rhd1 a5 22. Qh7 Qe2 23. Bxb7 Rxb7 24. Qf5 Rc7 25. R1d2 Qa6 26. Qxh5 Rc5 27. Rd5 Qf1+ 28. Rd1 Qxf2 29. Rxc5 Qxc5 30. Qf3 Rg8 31. h4 Kd7 32. g4 Rc8 33. Qd3 Qc4 34. Kb1 Qxd3 35. cxd3 f5 36. gxf5 Bxh4 37. b3 Rc3 38. d4 Re3 39. e5 Re1 40. Kc2 Rxd1 41. Kxd1 Bf2 0-1

[Event "HUN-chT 9697"]
[Site "Hungary"]
[Date "1997.??.??"]
[Round "14"]
[White "Tenyi, Jozsef"]
[Black "Halasz, Tamas"]
[Result "0-1"]
[WhiteElo "2190"]
[BlackElo "2370"]
[PlyCount "81"]
[EventDate "1996.??.??"]
[EventType "team"]
[EventRounds "12"]
[EventCountry "HUN"]
[SourceTitle "EXT 2006"]
[Source "ChessBase"]
[SourceDate "2005.11.24"]
[SourceVersion "1"]
[SourceVersionDate "2005.11.24"]
[SourceQuality "1"]
[WhiteTeam "Matador"]
[BlackTeam "Miskolc"]
[WhiteTeamCountry "HUN"]
[BlackTeamCountry "HUN"]

1. e4 e5 2. Nf3 Nf6 3. d4 Nxe4 4. Nxe5 d6 5. Nf3 d5 6. Bd3 Be7 7. 0-0 Nc6 8. Re1 Bg4 9. c3 f5 10. Qb3 0-0 11. Nbd2 Kh8 12. Qxb7 Rf6 13. Qb3 Bd6 14. Ne5 Nxe5 15. dxe5 Bxe5 16. Nf1 Rg6 17. Ng3 Qd6 18. f4 Bxf4 19. Bxf4 Qxf4 20. Bxe4 dxe4 21. Qd5 Rb8 22. Rf1 Qg5 23. Rae1 h5 24. h4 Qxh4 25. Nxf5 Qg5 26. Qxe4 Rf6 27. Ne3 Rxb2 28. Nxg4 Qxg4 29. Qxg4 hxg4 30. Rxf6 gxf6 31. Re8+ Kg7 32. Re7+ Kg6 33. a4 g3 34. Kf1 Rf2+ 35. Ke1 Rxg2 36. Rxc7 Ra2 37. Kf1 Kg5 38. Rxa7 f5 39. Ra8 f4 40. a5 f3 41. a6 0-1

[Event "HUN-chT 9697"]
[Site "Hungary"]
[Date "1996.??.??"]
[Round "3"]
[White "Tenyi, Jozsef"]
[Black "Bodo, Norbert"]
[Result "0-1"]
[WhiteElo "2190"]
[BlackElo "2255"]
[PlyCount "86"]
[EventDate "1996.??.??"]
[EventType "team"]
[EventRounds "12"]
[EventCountry "HUN"]
[SourceTitle "EXT 2006"]
[Source "ChessBase"]
[SourceDate "2005.11.24"]
[SourceVersion "1"]
[SourceVersionDate "2005.11.24"]
[SourceQuality "1"]
[WhiteTeam "Matador"]
[BlackTeam "Nagykanizsa"]
[WhiteTeamCountry "HUN"]
[BlackTeamCountry "HUN"]

1. e4 c6 2. d4 d5 3. Nd2 dxe4 4. Nxe4 Nd7 5. Ng5 e6 6. N1f3 h6 7. Ne4 Ngf6 8. Nxf6+ Nxf6 9. Bc4 Bd6 10. Qe2 0-0 11. Bd2 c5 12. dxc5 Bxc5 13. Bc3 Qe7 14. 0-0-0 a6 15. Ne5 b5 16. Nc6 Qc7 17. Bxf6 Qf4+ 18. Rd2 Qxf6 19. Bd3 Bb7 20. Ne5 Rfd8 21. f4 Rd4 22. Bh7+ Kxh7 23. Rxd4 Bxd4 24. Qd3+ g6 25. Qxd4 Rd8 26. Qf2 Bd5 27. a3 a5 28. Ng4 Qe7 29. Qd4 Bxg2 30. Nf6+ Kh8 31. Nd7+ e5 32. Qxe5+ Qxe5 33. Nxe5 Bxh1 34. Nxf7+ Kg7 35. Nxd8 Kf6 36. Kd2 Ke7 37. Ke3 Kxd8 38. Kd4 Kc7 39. Kc5 Bc6 40. h4 a4 41. b4 axb3 42. cxb3 h5 43. b4 Kd7 0-1

[Event "HUN-chT 9697"]
[Site "Hungary"]
[Date "1996.??.??"]
[Round "5"]
[White "Tenyi, Jozsef"]
[Black "Morvay, Miklos"]
[Result "0-1"]
[WhiteElo "2190"]
[BlackElo "2255"]
[PlyCount "148"]
[EventDate "1996.??.??"]
[EventType "team"]
[EventRounds "12"]
[EventCountry "HUN"]
[SourceTitle "EXT 2006"]
[Source "ChessBase"]
[SourceDate "2005.11.24"]
[SourceVersion "1"]
[SourceVersionDate "2005.11.24"]
[SourceQuality "1"]
[WhiteTeam "Matador"]
[BlackTeam "Postas"]
[WhiteTeamCountry "HUN"]
[BlackTeamCountry "HUN"]

1. e4 c5 2. Nf3 Nc6 3. d4 cxd4 4. Nxd4 Nf6 5. Nc3 d6 6. Bc4 Qb6 7. Nb3 e6 8. 0-0 Be7 9. Be3 Qc7 10. f4 a6 11. a4 Nb4 12. Be2 b6 13. Bf3 Bb7 14. Nd4 d5 15. e5 Ne4 16. Nce2 Rc8 17. c3 Nc6 18. f5 Nxd4 19. Nxd4 Qxe5 20. fxe6 0-0 21. Bg4 Rc4 22. exf7+ Kh8 23. Rf5 Qb8 24. Ne6 Bd6 25. Rh5 Rxf7 26. Bd4 Rf6 27. Bxf6 Nxf6 28. Be2 Nxh5 29. Bxc4 Bxh2+ 30. Kf2 Qg3+ 31. Kf1 Nf4 32. Nxf4 Qxf4+ 33. Qf3 Qxc4+ 34. Ke1 Qe4+ 35. Kf2 Qxf3+ 36. gxf3 Kg8 37. Re1 Kf7 38. Rh1 Bf4 39. Rxh7 Bc1 40. Rh8 Bc6 41. b3 Be8 42. Ke2 Bf4 43. Kd3 Be5 44. Rh5 Ke6 45. Rh8 Kd7 46. Rf8 Ke7 47. Rh8 Bg6+ 48. Kd2 Be8 49. Kd3 Bf6 50. f4 Kd7 51. Kd2 Bg6 52. a5 bxa5 53. Ra8 Kc6 54. Rxa6+ Kb5 55. Rd6 Be4 56. Re6 Bf5 57. Rd6 Kc5 58. Ra6 Bd8 59. Ra7 g6 60. Rb7 Kc6 61. Rh7 Bc7 62. Ke3 Bd6 63. Rh8 Bc5+ 64. Kd2 d4 65. cxd4 Bxd4 66. Rd8 Bb6 67. Ra8 Kd5 68. Ra6 Kc5 69. Ra8 Kd4 70. Ke2 Ke4 71. Ra6 Bc7 72. Rc6 Bd8 73. Rc4+ Kd5 74. Rc8 Bxc8 0-1

[Event "HUN-chT"]
[Site "Hungary"]
[Date "1995.??.??"]
[Round "?"]
[White "Glatt, Gabor"]
[Black "Tenyi, Jozsef"]
[Result "1-0"]
[WhiteElo "2330"]
[BlackElo "2185"]
[PlyCount "97"]
[EventDate "1995.??.??"]
[EventType "team"]
[EventRounds "13"]
[EventCountry "HUN"]
[SourceTitle "EXT 1997"]
[Source "ChessBase"]
[SourceDate "1996.11.15"]
[SourceVersion "1"]
[SourceVersionDate "1996.11.15"]
[SourceQuality "1"]

1. e4 e6 2. d4 d5 3. Nd2 c5 4. exd5 exd5 5. Bb5+ Nc6 6. Qe2+ Be7 7. dxc5 Nf6 8. Nb3 0-0 9. Be3 Bg4 10. f3 Bh5 11. 0-0-0 Qc7 12. g4 Bg6 13. Bxc6 bxc6 14. h4 h5 15. g5 Nd7 16. Nh3 Rfe8 17. Qd2 a5 18. a4 Qa7 19. Qc3 Reb8 20. Nf4 Rb4 21. Rxd5 cxd5 22. Nxd5 Bf8 23. c6 Nb6 24. Nxb4 axb4 25. Qd4 Nc8 26. Qxa7 Nxa7 27. c7 Nc8 28. a5 Bd6 29. Bb6 Kf8 30. Rd1 Bf5 31. Rd4 Ke8 32. Nd2 Be6 33. Ne4 Ke7 34. Nxd6 Nxd6 35. Rxb4 Nc8 36. Rd4 Bd7 37. b3 Ra6 38. Rb4 Kd6 39. c4 Kc6 40. c5 Be6 41. Kb2 Ne7 42. Rd4 Ra8 43. Rd8 Kb7 44. b4 Rc8 45. b5 Nd5 46. c6+ Ka8 47. Kc2 Bf5+ 48. Kd2 Nf4 49. Be3 1-0

[Event "HUN-chT"]
[Site "Hungary"]
[Date "1995.??.??"]
[Round "?"]
[White "Havasi, Janos"]
[Black "Tenyi, Jozsef"]
[Result "1-0"]
[WhiteElo "2260"]
[BlackElo "2185"]
[PlyCount "69"]
[EventDate "1995.??.??"]
[EventType "team"]
[EventRounds "13"]
[EventCountry "HUN"]
[SourceTitle "EXT 1997"]
[Source "ChessBase"]
[SourceDate "1996.11.15"]
[SourceVersion "1"]
[SourceVersionDate "1996.11.15"]
[SourceQuality "1"]

1. e4 e6 2. f4 d5 3. e5 c5 4. Nf3 Nc6 5. Bb5 Nge7 6. 0-0 Bd7 7. Bxc6 Nxc6 8. d3 Be7 9. c3 0-0 10. Be3 Rc8 11. Nbd2 Qc7 12. Qe1 f6 13. Qg3 fxe5 14. fxe5 Rf5 15. Bh6 g6 16. Rae1 Rh5 17. Bg5 Rf8 18. c4 Qd8 19. h4 Nd4 20. Nxd4 Bxg5 21. Rxf8+ Qxf8 22. hxg5 cxd4 23. cxd5 exd5 24. e6 Be8 25. e7 Qf7 26. Nf3 h6 27. Qd6 hxg5 28. Re6 g4 29. Rf6 gxf3 30. Rxf7 Kxf7 31. g4 Rh4 32. Qxd5+ Kf6 33. Qxb7 Rxg4+ 34. Kf2 Rf4 35. Qb8 1-0